000 00421nam a2200133Ia 4500
008 100328s9999 xx 000 0 und d
082 _b66716
100 _aराजे नयना.
245 _aजाहल्या काही चुका.
260 _bपारस.
630 _aजाहल्या काही चुका.
730 _aजाहल्या काही चुका.
942 _cBOOK
999 _c552455
_d552452